000 00726nam a2200241Ia 4500
001 Z_4085
003 CHAP
008 220113s2001 xx 000 0 und d
010 _a167148
040 _cCHAP
082 _a636.213 T3
111 _aTaller Sobre la Importancia, Interpretación y Usos de las Evaluaciones Genéticas en Ganado Suizo (2001 : Chapingo, Méx.)
_9141314
245 _aMemorias /
_cpor Asociación Mexicana de Criadores de Ganado Suizo de Registro
260 _aChapingo, Méx. :
_bUACH. Departamento de Zootecnia,
_c2001
300 _a123 p.
650 _aGanado suizo
_xGenética
_9141315
901 _a636.213 T3
902 _aM
910 _a2001
942 _c1
942 _cc1
999 _c167148
_d167148